Trade Fair Design annual 2002 / 2003 (Record no. 11696)

MARC details
000 -CABECERA
campo de control de longitud fija 00348nam a2200133 4500
005 - FECHA Y HORA DE LA ÚLTIMA TRANSACCIÓN
campo de control 20260530113858.0
100 1# - ENTRADA PRINCIPAL--NOMBRE DE PERSONA
Nombre de persona Conway Lloyd Morgan
9 (RLIN) 31959
245 10 - MENCIÓN DE TÍTULO
Título Trade Fair Design annual 2002 / 2003
264 #1 - PRODUCCIÓN, PUBLICACIÓN, DISTRIBUCIÓN, FABRICACIÓN Y COPYRIGHT
Nombre del de productor, editor, distribuidor, fabricante avedition
Fecha de producción, publicación, distribución, fabricación o copyright 2002
300 ## - DESCRIPCIÓN FÍSICA
Extensión 207 páginas
336 ## - TIPO DE CONTENIDO
Término de tipo de contenido texto
Fuente rdacontent
337 ## - TIPO DE MEDIO
Nombre/término del tipo de medio sin medio
Fuente rdamedia
338 ## - TIPO DE SOPORTE
Nombre/término del tipo de soporte volumen
Fuente rdacarrier

No items available.